Mujer, ¡eres libre! / (Registro nro. 11266)

Detalles MARC
000 -LIDER
fixed length control field 00760nam a22002657a 4500
001 - NÚMERO DE CONTROL
Identificador de número de control 000455
003 - IDENTIFICACDOR DE NÚMERO DE CONTROL
control field DO-SdBNP
005 - DATE AND TIME OF LATEST TRANSACTION
control field 20240830115024.0
007 - CAMPOS FIJOS DE DESCRIPCIÓN FÍSICA
fixed length control field 000455
008 - ELEMENTOS DE LONGITUD FIJA
fixed length control field 160901b1996 ck ||| 00| 0 spa d
020 ## - ISBN
International Standard Book Number 9780789910845
040 ## - FUENTE DE CATALOGACIÓN
Agencia que crea de manera original el registro BPMSU
Idioma de catalogación spa
Agencia que realiza la transcripción BPMSU
082 #4 - NÚMERO DE CLASIFICACIÓN DECIMAL DE DEWEY
Classification number 155.6423
Item number J25m 1996
Edition number 22
100 1# - ASIENTO PRINCIPAL -- NOMBRE PERSONAL
Nombre personal Jakes, T. D.
245 10 - MENCIÓN DE TITULO
Título Mujer, ¡eres libre! /
Mención de responsabilidad T. D. Jakes.
260 ## - PUBLICACIÓN, DISTRIBUCIÓN, ETC. (PIE DE IMPRENTA)
Lugar de publicación, distribución, etc Colombia :
Nombre del editor, distribuidor, etc. Unilit,
Fecha de publicación, distribución, etc 1996.
300 ## - DESCRIPCIÓN FÍSICA
Extensión 228 p. :
Otros detalles físicos il. ;
Dimensiones 17 cm.
490 0# - MENCIÓN DE SERIES
Mención de serie Sanando las heridas del pasado.
500 ## - NOTA GENERAL
Nota general Incluye datos biográficos del autor.
590 ## - NOTA LOCAL
Texto de la nota local Inventariado, 2024/VM
650 #4 - ENCABEZAMIENTO DE MATERIA--TEMÁTICO
Término temático o nombre geográfico como elemento de entrada Autoayuda y superación
650 #4 - ENCABEZAMIENTO DE MATERIA--TEMÁTICO
Término temático o nombre geográfico como elemento de entrada Psicología
Subdivisión temática general
910 ## - VALIDACIÓN
Validación LOPEREZ/ VMateo V. Control de calidad. BPMSU
942 ## - ADDED ENTRY ELEMENTS (KOHA)
Source of classification or shelving scheme Dewey Decimal Classification
Koha item type Libros
Existencias
Withdrawn status Lost status Source of classification or shelving scheme Damaged status Not for loan Collection code Home library Current library Date acquired Source of acquisition Total Checkouts Full call number Barcode Date last seen Price effective from Koha item type Copy number
    Dewey Decimal Classification     Colección Juvenil General Biblioteca Pública Metropolitana Salomé Ureña Biblioteca Pública Metropolitana Salomé Ureña 09/01/2016   BPMSU CJG 155.6423 J25m 1996 BPMSU16090006 09/01/2016 09/01/2016 Libros  
    Dewey Decimal Classification     Colección Juvenil General Biblioteca Pública Metropolitana Salomé Ureña Biblioteca Pública Metropolitana Salomé Ureña 09/01/2016   BPMSU CJG 155.6423 J25m 1996 BPMSU16090007 09/01/2016 09/01/2016 Libros e.2